Classic Disney Characters - Statistics

General Stats
  • This quiz has been taken 137 times
  • The average score is 51 of 73
Answer Stats
Hint Character % Correct
The Mouse Who Started It All Mickey Mouse
99%
His Partner Minnie Mouse
97%
Mermaid Who Wants To Be Human Ariel
96%
Young Lion Soon To Be King Simba
96%
Loud Male Duck Donald Duck
95%
There Pet Dog Pluto
95%
There Princess Snow White
95%
Thief Who Becomes A Prince Aladdin
92%
Large Clumsy Dog Goofy
91%
Young Deer Who Looses Mother Bambi
90%
His Partner Daisy Duck
90%
Will Grant You Three Wishes Genie
90%
His Princess Jasmine
90%
Chinese Princess And Warrior Mulan
90%
His Evil Uncle Scar
90%
Maid Turned To Princess Cinderella
88%
His Future Queen Nala
88%
Villan From This Movie Jafar
87%
Dwarf 5 Sneezy
87%
Yellow Dressed Princess Belle
86%
Makes All Her Wishes Come True Fairy God Mother
86%
Wooden Boy Who Wishes To Be Real Pinocchio
86%
Native American Princess Pocahontas
86%
Warthog Bestfriend Pumba
86%
Boy Raised In The Jungle Mowgli
84%
The Boy Who Never Grew Up Peter Pan
84%
Dwarf 6 Sleepy
84%
Man Who Lives In The Jungle Tarzan
84%
Meerkat Bestfriend Timon
84%
Evil Octopus Ursula
84%
Bear From The Jungle Baloo
83%
The Evil Pirate Captain Hook
82%
His Father Mufasa
82%
Rabbit Friend Thumper
82%
Hairy Prince Beast
81%
Dwarf 3 Grumpy
81%
Her Prince Prince Charming
81%
The Singing Crab Sebastian
81%
The Fairy Tinkerbell
81%
His Monkey Abu
79%
Dwarf 7 Bashful
79%
Dwarf 2 Dopey
79%
Dwarf 4 Happy
78%
Dwarf 1 Doc
77%
Her Fish Bestfriend Flounder
77%
Woman He Meets Jane
77%
Her Son The Tea Cup Chip
73%
Talking Tea Pot Mrs Potts
70%
Dragon Sent To Protect Her Mushu
70%
Ringer Of The Bells In Paris Quasimodo
70%
His Conscience Jiminy Cricket
66%
Talking Candle Stick Lumiere
66%
His Father Geppetto
62%
His Parrot Iago
62%
Snake From The Jungle Kaa
62%
Tiger From The Jungle Shere Khan
62%
Skunk Friend Flower
60%
Talking Clock Cogsworth
58%
Jaguar From The Jungle Bagheera
53%
Her Racoon Friend Meeko
53%
Monkey From The Jungle King Louie
47%
Street Dancer He Meets Esmerelda
40%
Red Indian Girl Tiger Lily
40%
Heyena 1 Shenzi
31%
Heyena 3 Banzai
25%
The Family Cat Figaro
22%
Gargoyle 1 Victor
16%
Gargoyle 2 Hugo
14%
Elephant Friend Tantor
14%
Gargoyle 3 Laverne
10%
Gorilla Best Friend Turk
10%
Clumsy Pirate Sidekick See
1%
Heyena 2 Kamari
0%
No matching quizzes found
Score Distribution
Percent of People with Each Score
Percentile by Number Answered
Your Score History
You have not taken this quiz